000 00876nas a2200277 i 4500
001 1563
003 ES-MaACL
005 20250729062611.0
007 t|
008 950801d19201963xxu | | 1 ||pa d
022 _a0885-5986
080 _a32(7/8)
245 0 3 _aLa Nueva democracia.
260 _aNueva York :
_bComité de Cooperación en la América Latina,
_c1920-1963 (
_fImp. M.D. Danon)
300 _a17 v. :
_bgrab. ;
_c31 cm.
310 _aTrimestral
321 _aMensual,
_b1920-49
362 0 _aV. I (1920)-(1963)
650 7 _aPolítica
_2embne
_9140345
700 1 _aInman, Samuel G.,
_edir.
_9227614
700 1 _aRembao, Alberto,
_edir.
_9194236
710 2 _aComité de Cooperación en la América Latina.
_93073
852 _aES-MaACL
_jHEM-D-88
_xHem-1276
_d
866 0 _o1927-31,(1950f.n.1)1951-61(1962f.n.1-3)(1963).
999 _c1563
_d1563